000 01412cam a2200337 i 4500
999 _c3087
_d3087
001 (Sirsi) a1205034
003 OSt
005 20231004093410.0
008 210202t20162016dcua b 000 0 eng d
020 _a9781426324130
_q(paperback) :
040 _aNJQ/
_beng
_erda
_cNJQ
_dDLC
_dTAE
042 _anbic
082 0 _a599.6655 EVA
100 1 _aEvans, Shira,
_eauthor.
245 1 0 _aTrot, pony! /
_cShira Evans.
264 1 _aWashington, D.C. :
_bNational Geographic,
_c[2016]
264 4 _c©2016.
300 _a23 pages :
_bcolor illustrations ;
_c23 cm.
336 _atext
_btxt
_2rdacontent.
337 _aunmediated
_bn
_2rdamedia.
338 _avolume
_bnc
_2rdacarrier.
490 1 _aNational geographic kids readers. Pre-reader.
520 _aTrot, prance, and jump with ponies! Young readers will meet lots of different kinds of ponies and learn what they do. Through text features such as the vocabulary tree and the wrap-up activity, kids will be introduced to vocabulary in concept groups -- helping them make connections between words and expand their understanding of the world.
521 1 _aAges 2-5.
650 0 _aWild ponies
_xBehavior
_vJuvenile literature.
650 0 _aWild ponies
_vJuvenile literature.
650 0 _aPonies
_vJuvenile literature.
710 2 _aNational Geographic Society (U.S.)
830 0 _aNational geographic kids readers.
_pPre-reader.
942 _2ddc
_cNFIC